000 00298nam a22001337a 4500
008 170713b xxu||||| |||| 00| 0 eng d
020 _a076714003507
041 _aeng
080 _a038
100 _a23
101 _aFJA
245 _aTHE MERRIAM-WEBSTER DICTIONARY
_cWOOLF,H.B
942 _2udc
_cBK
999 _c20474
_d20474